Statystyki dla Skład Manchesteru City 20/21

Kliknij tutaj aby rozwiązać quiz!

Ogólne statystyki

  • Ten quiz został rozwiązany 158 razy
  • Średni wynik to 15 z 23

Statystyki odpowiedzi

PozycjaPiłkarz% Poprawnych
BramkarzEderson
98%
Prawy ObrońcaKyle Walker
91%
Ofensywny PomocnikKevin De Bruyne
89%
Lewy SkrzydłowyRaheem Sterling
88%
NapastnikSergio Agüero
88%
NapastnikGabriel Jesus
87%
ObrońcaAymeric Laporte
81%
Prawy ObrońcaJoao Cancelo
81%
ObrońcaJohn Stones
80%
Prawy SkrzydłowyRiyad Mahrez
80%
Defensywny PomocnikRodri
79%
Prawy SkrzydłowyBernardo Silva
77%
Lewy ObrońcaBenjamin Mendy
75%
Defensywny PomocnikFernandinho
75%
Środkowy PomocnikIlkay Gündogan
73%
Lewy ObrońcaOleksandr Zinchenko
70%
Środkowy PomocnikPhil Foden
67%
Prawy SkrzydłowyFerran Torres
45%
ObrońcaNathan Ake
45%
ObrońcaNicolas Otamendi
35%
ObrońcaEric Garcia
29%
BramkarzArijanet Muric
7%
ObrońcaTaylor Harwood-Bellis
2%

Rozkład punktacji

Percentyl według liczby udzielonych odpowiedzi

Procent ludzi z każdym wynikiem

Twoja historia wyników

Nie rozwiązałeś tego quizu